<Der> Wettbewerb um international mobiles Kapital-Auswirkungen auf die nationale Finanzpolitik und die intertemporale Kapitalallokation
Gespeichert in:
| 1. Verfasser: | |
|---|---|
| Format: | Buch |
| Sprache: | Deutsch |
| Veröffentlicht: |
Kiel
Institut für Weltwirtschaft
1993
|
| Ausgabe: | 1. Aufl. |
| Schriftenreihe: | Arbeitspapier
Nr.608 |
| Schlagworte: | |
| Tags: |
Keine Tags, Fügen Sie das erste Tag hinzu!
|
MARC
| LEADER | 00000nam a2200000 4500 | ||
|---|---|---|---|
| 001 | c005198 | ||
| 005 | 20221206075234.2 | ||
| 041 | 0 | |a ger | |
| 044 | |a DE | ||
| 245 | 1 | 0 | |a <Der> Wettbewerb um international mobiles Kapital-Auswirkungen auf die nationale Finanzpolitik und die intertemporale Kapitalallokation |c Jens Oliver Lorz |
| 250 | |a 1. Aufl. | ||
| 264 | 1 | |a Kiel |b Institut für Weltwirtschaft |c 1993 | |
| 300 | |a 66 s. | ||
| 490 | 1 | |a Arbeitspapier |v Nr.608 | |
| 830 | 0 | |a Arbeitspapier |v Nr.608 | |
| 610 | 2 | 0 | |a trh kapitálový |
| 610 | 2 | 0 | |a rovnováha trhová |
| 610 | 2 | 0 | |a konkurencia |
| 610 | 2 | 0 | |a politika finančná |
| 610 | 2 | 0 | |a politika daňová |
| 610 | 2 | 0 | |a subvencie |
| 610 | 2 | 0 | |a rovnováha finančná |
| 610 | 2 | 0 | |a domácnosti |
| 610 | 2 | 0 | |a modely |
| 610 | 2 | 0 | |a 1993 |
| 100 | 1 | |a Lorz, Jens Oliver | |